<?xml version="1.0" encoding="UTF-8"?>
<collection xmlns="http://www.loc.gov/MARC21/slim">
 <record>
  <leader>01495nam a2200169Ia 4500</leader>
  <controlfield tag="001">CTU_231207</controlfield>
  <controlfield tag="008">210402s9999    xx            000 0 und d</controlfield>
  <datafield tag="082" ind1=" " ind2=" ">
   <subfield code="a">658.4</subfield>
  </datafield>
  <datafield tag="082" ind1=" " ind2=" ">
   <subfield code="b">H339</subfield>
  </datafield>
  <datafield tag="245" ind1=" " ind2="0">
   <subfield code="a">HBR guide to being more productive</subfield>
  </datafield>
  <datafield tag="260" ind1=" " ind2=" ">
   <subfield code="a">Boston</subfield>
  </datafield>
  <datafield tag="260" ind1=" " ind2=" ">
   <subfield code="b">Harvard Business Review Press</subfield>
  </datafield>
  <datafield tag="260" ind1=" " ind2=" ">
   <subfield code="c">2017</subfield>
  </datafield>
  <datafield tag="520" ind1=" " ind2=" ">
   <subfield code="a">Every day begins with the same challenge: too many tasks on your to-do list and not enough time to accomplish them. Perhaps you tell yourself to just buckle down and get it all done--skip lunch, work a longer day. Maybe you throw your hands up, recognize you can't do it all, and just begin fighting the biggest fire or greasing the squeakiest wheel. And yet you know how good it feels on those days when you're working at peak productivity, taking care of difficult and meaty projects while also knocking off the smaller tasks that have been hanging over your head forever. Those are the times when your day didn't run you--you ran your day. To have more of those days more often, you need to discover what works for you given your strengths, your preferences, and the things you must accomplish. Whether you're an assistant or the CEO, whether you've been in the workforce for 40 years or are just starting out, this guide will help you be more productive.</subfield>
  </datafield>
  <datafield tag="650" ind1=" " ind2=" ">
   <subfield code="a">Industrial productivity,Psychology, Industrial,Năng suất công nghiệp,Tâm lý, công nghiệp</subfield>
  </datafield>
  <datafield tag="910" ind1=" " ind2=" ">
   <subfield code="b">vtbtruc</subfield>
  </datafield>
  <datafield tag="980" ind1=" " ind2=" ">
   <subfield code="a">Trung tâm Học liệu Trường Đại học Cần Thơ</subfield>
  </datafield>
 </record>
</collection>
